Footballeurs en N (par images). - Statistiques

Statistiques générales
  • Ce quiz a été pris 710 fois
  • Le résultat moyen est 11 sur 16
Statistiques - réponses
Par images Réponse % Correct
Neymar
100%
Manuel Neuer
98%
Keylor Navas
96%
Christopher Nkunku
93%
Samir Nasri
91%
Nani
86%
Alessandro Nesta
82%
Pavel Nedvěd
81%
Steven Nzonzi
77%
Nenê
59%
Radja Nainggolan
55%
Gary Neville
53%
Naldo
37%
Benjamin Nivet
35%
Nolito
26%
Gunnar Nordahl
2%
Aucun quiz correspondant
Distribution des résultats
% des personnes avec chaque résultat
Percentile par nombre de réponses
Votre historique - résultats
Vous n’avez pas pris ce quiz